000 00567nam a22001697a 4500
003 OSt
005 20260211153932.0
008 260211b |||||||| |||| 00| 0 eng d
040 _cMRSPTU
041 _aEnglish
100 _aKajalpreet Kour, Supervisor: Dr. Rakesh Kumar Singla
245 _aThe Study on the Effect of Different Type of Sugar on the Setting Properties of Cement
260 _bDepartment of Civil Engg. MRSPTU, Bathinda
_c2018
650 _aCivil Engineering
856 _uhttp://163.47.215.52:8080/jspui/handle/123456789/356
942 _2ddc
_cTH
_n0
999 _c10903
_d10903